Statutory requirements in Dutch valuations (Record no. 112124)

MARC details
000 -LEADER
fixed length control field 01039cad a22002175a 4500
001 - CONTROL NUMBER
control field E152572
008 - FIXED-LENGTH DATA ELEMENTS--GENERAL INFORMATION
fixed length control field 110329n xxk f 000 0 eng d
035 ## - SYSTEM CONTROL NUMBER
System control number (Sirsi) u152572
041 0# - LANGUAGE CODE
Language code of text/sound track or separate title eng
110 2# - MAIN ENTRY--CORPORATE NAME
Corporate name or jurisdiction name as entry element Royal Institution of Chartered Surveyors
9 (RLIN) 4900
245 00 - TITLE STATEMENT
Title Statutory requirements in Dutch valuations
Medium [electronic resource]
260 ## - PUBLICATION, DISTRIBUTION, ETC.
Place of publication, distribution, etc. [S.l.]
Name of publisher, distributor, etc. RICS
Date of publication, distribution, etc. [200?]
490 #0 - SERIES STATEMENT
Series statement RICS Practice Statement
520 ## - SUMMARY, ETC.
Summary, etc. In the Netherlands certain valuations have to comply with a basis prescribed in Dutch legislation or regulation or in a fixed valuation practice that has arisen from Dutch legislation or regulation and is confirmed by case law. This practice statement is published by RICS Netherlands and takes precedence in accordance with PS 1.1.6.
521 ## - TARGET AUDIENCE NOTE
Target audience note Advanced
590 ## - LOCAL NOTE (RLIN)
Local note KA
651 #4 - SUBJECT ADDED ENTRY--GEOGRAPHIC NAME
Geographic name Netherlands
690 ## - LOCAL SUBJECT ADDED ENTRY--TOPICAL TERM (OCLC, RLIN)
Topical term or geographic name as entry element PROPERTY-PROPERTY APPRAISAL AND VALUATION
856 40 - ELECTRONIC LOCATION AND ACCESS
Uniform Resource Identifier <a href="https://www.rics.org/site/download_feed.aspx?fileID=8747&fileExtension=PDF">https://www.rics.org/site/download_feed.aspx?fileID=8747&fileExtension=PDF</a>
Public note View the item free of charge at www.rics.org...
942 ## - ADDED ENTRY ELEMENTS (KOHA)
Suppress in OPAC 0
Holdings
Withdrawn status Lost status Source of classification or shelving scheme Damaged status Not for loan Home library Current library Shelving location Date acquired Total Checkouts Full call number Barcode Date last seen Copy number Price effective from Koha item type
    Dewey Decimal Classification     Virtual Virtual Online 29/03/2011   ONLINE PUBLICATION 152572-1001 06/08/2019 1 06/08/2019 Book